000 00194 a2200097 4500
001 7821
100 _aSmith, A
245 _aThrough out two hands
260 _a
_bAllen
_c
090 _c6270
_d6270
942 _aNUST-CAE
_cM
_c32790
999 _c242894
_d242894